<?xml version="1.0" encoding="UTF-8"?><?xml-stylesheet type="text/xsl" href="static/style.xsl"?><OAI-PMH xmlns="http://www.openarchives.org/OAI/2.0/" xmlns:xsi="http://www.w3.org/2001/XMLSchema-instance" xsi:schemaLocation="http://www.openarchives.org/OAI/2.0/ http://www.openarchives.org/OAI/2.0/OAI-PMH.xsd"><responseDate>2026-04-17T20:17:37Z</responseDate><request verb="GetRecord" identifier="oai:www.recercat.cat:2117/331420" metadataPrefix="marc">https://recercat.cat/oai/request</request><GetRecord><record><header><identifier>oai:recercat.cat:2117/331420</identifier><datestamp>2025-07-22T20:27:13Z</datestamp><setSpec>com_2072_1033</setSpec><setSpec>col_2072_452951</setSpec></header><metadata><record xmlns="http://www.loc.gov/MARC21/slim" xmlns:dcterms="http://purl.org/dc/terms/" xmlns:xsi="http://www.w3.org/2001/XMLSchema-instance" xmlns:doc="http://www.lyncode.com/xoai" xsi:schemaLocation="http://www.loc.gov/MARC21/slim http://www.loc.gov/standards/marcxml/schema/MARC21slim.xsd">
   <leader>00925njm 22002777a 4500</leader>
   <datafield ind2=" " ind1=" " tag="042">
      <subfield code="a">dc</subfield>
   </datafield>
   <datafield ind2=" " ind1=" " tag="720">
      <subfield code="a">Macián Ribera, Sergi</subfield>
      <subfield code="e">author</subfield>
   </datafield>
   <datafield ind2=" " ind1=" " tag="260">
      <subfield code="c">2020-10-28</subfield>
   </datafield>
   <datafield ind2=" " ind1=" " tag="520">
      <subfield code="a">The  aim  of  this  project  is  to  obtain  a  new  Neural  Network  model  capable  to properly  detect  specific  keypoints on human  bodies. These  keypoints  will be later  treated  for  real-time  corrections  in  the  fieldof  sportsand  rehabilitation exercises. Generally,  keypoint  detection  models  focus  on  unconstrained  environments;training  and  testing  images  contain  one  or  more  people,  they  might  be practicing different activities, people may not be centred in the image,different clothing  and  background,etc.  However,  this project  has  focused  on  a  moreconstrained context. There  is  a  specific activity  that  the  main  subject  is practicing;sports. And, moreover,only one person appears in the middle of the imageand there are not object occlusions.In order to train the model, we have performed afine-tuning on an open-source model from PyTorchwith an open-source  datasetthat  focuses  on  sports;LSP.  We  have  then analysedif  by constraining the context, the neural network model performance isimproved.The conclusion that  we  have reached  is  that  LSP  dataset  is  not  correlated enough with real case scenarios in which a person is practicing sports in front of acamera. The model we have trained is capable to estimate keypoints on LSP imageswith high accuracy but, despite of that, when the model is used ina real case scenario, model predictions have not been as good as expected.</subfield>
   </datafield>
   <datafield tag="653" ind2=" " ind1=" ">
      <subfield code="a">Àrees temàtiques de la UPC::Enginyeria de la telecomunicació</subfield>
   </datafield>
   <datafield tag="653" ind2=" " ind1=" ">
      <subfield code="a">Machine learning</subfield>
   </datafield>
   <datafield tag="653" ind2=" " ind1=" ">
      <subfield code="a">Neural networks (Computer science)</subfield>
   </datafield>
   <datafield tag="653" ind2=" " ind1=" ">
      <subfield code="a">Deep Learning</subfield>
   </datafield>
   <datafield tag="653" ind2=" " ind1=" ">
      <subfield code="a">Image Processing</subfield>
   </datafield>
   <datafield tag="653" ind2=" " ind1=" ">
      <subfield code="a">Pytorch</subfield>
   </datafield>
   <datafield tag="653" ind2=" " ind1=" ">
      <subfield code="a">Tensorflow</subfield>
   </datafield>
   <datafield tag="653" ind2=" " ind1=" ">
      <subfield code="a">Aprenentatge automàtic</subfield>
   </datafield>
   <datafield tag="653" ind2=" " ind1=" ">
      <subfield code="a">Xarxes neuronals (Informàtica)</subfield>
   </datafield>
   <datafield ind2="0" ind1="0" tag="245">
      <subfield code="a">Computer vision analysis of the body-pose similarity from two different subjects with the aim of the correct development of physical exercises.</subfield>
   </datafield>
</record></metadata></record></GetRecord></OAI-PMH>